|
|
|
|
| LEADER |
02013nam a22004575i 4500 |
| 001 |
978-0-387-21589-1 |
| 003 |
DE-He213 |
| 005 |
20141216115335.0 |
| 007 |
cr nn 008mamaa |
| 008 |
100301s2003 xxu| s |||| 0|eng d |
| 020 |
|
|
|a 9780387215891
|9 978-0-387-21589-1
|
| 024 |
7 |
|
|a 10.1007/b97306
|2 doi
|
| 040 |
|
|
|d GrThAP
|
| 050 |
|
4 |
|a RJ1-570
|
| 072 |
|
7 |
|a MJW
|2 bicssc
|
| 072 |
|
7 |
|a MED069000
|2 bisacsh
|
| 082 |
0 |
4 |
|a 618.92
|2 23
|
| 100 |
1 |
|
|a Javors, Bruce R.
|e author.
|
| 245 |
1 |
0 |
|a Radiology of the Postoperative GI Tract
|h [electronic resource] /
|c by Bruce R. Javors, Ellen L. Wolf.
|
| 264 |
|
1 |
|a New York, NY :
|b Springer New York,
|c 2003.
|
| 300 |
|
|
|a XII, 386 p.
|b online resource.
|
| 336 |
|
|
|a text
|b txt
|2 rdacontent
|
| 337 |
|
|
|a computer
|b c
|2 rdamedia
|
| 338 |
|
|
|a online resource
|b cr
|2 rdacarrier
|
| 347 |
|
|
|a text file
|b PDF
|2 rda
|
| 505 |
0 |
|
|a The General Abdomen -- The Esophagus -- The Stomach -- The Biliary Tree -- The Small Bowel -- The Colon.
|
| 520 |
|
|
|a A new, comprehensive review of the radiographic examination of the post-operative GI tract. Organized on an organ by organ basis, emphasis is placed on conventional studies, supplemented by cross-sectional imaging. Operative techniques and normal post-operative anatomy are depicted with many schematic line drawings. Normal changes, as well as early and late complications are discussed and abundantly illustrated. A must have reference for general radiologists, specialists in gastrointestinal surgery and radiology medical libraries.
|
| 650 |
|
0 |
|a Medicine.
|
| 650 |
|
0 |
|a Pediatrics.
|
| 650 |
|
0 |
|a Surgery.
|
| 650 |
1 |
4 |
|a Medicine & Public Health.
|
| 650 |
2 |
4 |
|a Pediatrics.
|
| 650 |
2 |
4 |
|a Surgery.
|
| 700 |
1 |
|
|a Wolf, Ellen L.
|e author.
|
| 710 |
2 |
|
|a SpringerLink (Online service)
|
| 773 |
0 |
|
|t Springer eBooks
|
| 776 |
0 |
8 |
|i Printed edition:
|z 9780387952000
|
| 856 |
4 |
0 |
|u http://dx.doi.org/10.1007/b97306
|z Full Text via HEAL-Link
|
| 912 |
|
|
|a ZDB-2-SME
|
| 912 |
|
|
|a ZDB-2-BAE
|
| 950 |
|
|
|a Medicine (Springer-11650)
|